书目信息 |
| 题名: |
雲自在龕隨筆
|
|
| 作者: | 缪荃孙, 著 ;翟金明 点校 | |
| 分册: | ||
| 出版信息: | 北京 人民出版社 2019重印 |
|
| 页数: | 231页 | |
| 开本: | 24cm | |
| 丛书名: | ||
| 单 册: | ||
| 中图分类: | I265.2 | |
| 科图分类: | ||
| 主题词: | 随笔--sui bi--中国--近代--作品集 | |
| 电子资源: | ||
| ISBN: | 978-7-01-011654-9 | |
| 000 | 00864cam0 2200277 45 | |
| 001 | 012001009868 | |
| 005 | 20140101111256.0 | |
| 010 | @a978-7-01-011654-9@dCNY36.00 | |
| 099 | @aCAL 012013079746 | |
| 100 | @a20130625d2013 em y0chiy50 ea | |
| 101 | 0 | @achi |
| 102 | @aCN@b110000 | |
| 105 | @ay z 000cy | |
| 106 | @ar | |
| 200 | 1 | @a雲自在龕隨筆@Ayun zi zai kan sui bi@f繆荃孫著@g翟金明點校 |
| 210 | @a北京@c人民出版社@d2019重印 | |
| 215 | @a231页@d24cm | |
| 330 | @a本书收录作品包括:《掌故》、《论史》、《书籍》、《金石》、《杂记》等。 | |
| 518 | 1 | @a云自在龛随笔 |
| 606 | 0 | @a随笔@Asui bi@y中国@z近代@j作品集 |
| 690 | @aI265.2@v5 | |
| 701 | 0 | @a缪荃孙,@Amiao quan sun@f1844-1919@4著 |
| 702 | 0 | @a翟金明@Azhai jin ming@4点校 |
| 730 | 1 | @a繆荃孫@Amiao quan sun@4著 |
| 801 | 2 | @aCN@b上海新华@c20191020 |
| 905 | @b1189768-71@dI265.2@e3926@f4 | |
| 雲自在龕隨筆/繆荃孫著/翟金明點校.-北京:人民出版社,2019重印 |
| 231页;24cm |
| ISBN 978-7-01-011654-9:CNY36.00 |
| 本书收录作品包括:《掌故》、《论史》、《书籍》、《金石》、《杂记》等。 |
| ● |
| 相关链接 |
|
|
|
|
正题名:雲自在龕隨筆
索取号:I265.2/3926
 
预约/预借
| 序号 | 登录号 | 条形码 | 馆藏地/架位号 | 状态 | 备注 |
| 1 | 1189768 | 211897688 | 第一样本阅览室/ [索取号:I265.2/3926] | 在馆 | |
| 2 | 1189769 | 211897697 | 第二借阅区/ [索取号:I265.2/3926] | 在馆 | |
| 3 | 1189770 | 211897704 | 第二借阅区/ [索取号:I265.2/3926] | 在馆 | |
| 4 | 1189771 | 211897713 | 第二借阅区/ [索取号:I265.2/3926] | 在馆 |